Salud y libre comercio : (Registro nro. 5161)
[ vista simple ]
| 000 -LEADER | |
|---|---|
| fixed length control field | 01219nam a2200289Ia 4500 |
| 003 - CONTROL NUMBER IDENTIFIER | |
| control field | OSt |
| 005 - DATE AND TIME OF LATEST TRANSACTION | |
| control field | 20200407122034.0 |
| 008 - FIXED-LENGTH DATA ELEMENTS--GENERAL INFORMATION | |
| fixed length control field | 191128s2004 ck gr 000 0 spa d |
| 020 ## - INTERNATIONAL STANDARD BOOK NUMBER | |
| International Standard Book Number | 9589262392 |
| 040 ## - CATALOGING SOURCE | |
| Original cataloging agency | CO-JMCR |
| Transcribing agency | CO-JMCR |
| 041 0# - LANGUAGE CODE | |
| Language code of text/sound track or separate title | spa |
| 082 04 - DEWEY DECIMAL CLASSIFICATION NUMBER | |
| Classification number | 323.01 / |
| Item number | C677s |
| Edition number | 21 |
| 100 1# - MAIN ENTRY--PERSONAL NAME | |
| Personal name | Cortés, Miguel Ernesto, |
| Relator term | autor |
| 9 (RLIN) | 2674 |
| 245 10 - TITLE STATEMENT | |
| Title | Salud y libre comercio : |
| Remainder of title | un contrasentido / |
| Statement of responsibility, etc. | Miguel Ernesto Cortés ; ilustraciones Jairán Sánchez |
| 260 ## - PUBLICATION, DISTRIBUTION, ETC. | |
| Place of publication, distribution, etc. | Bogotá : |
| Name of publisher, distributor, etc. | Plataforma Colombiana de Derechos Humanos, |
| Date of publication, distribution, etc. | 2004 |
| 300 ## - PHYSICAL DESCRIPTION | |
| Extent | 111 páginas : |
| Other physical details | ilustraciones a color ; |
| Dimensions | 17 cm. |
| 490 0# - SERIES STATEMENT | |
| Series statement | Alcatemas ; |
| Volume/sequential designation | 6 |
| 504 ## - BIBLIOGRAPHY, ETC. NOTE | |
| Bibliography, etc. note | Bibliográfia: páginas 63-67 |
| 505 0# - FORMATTED CONTENTS NOTE | |
| Formatted contents note | Salud y libre comercio -- De salud a servicios médicos : una involución -- Los tratados profundizan la crisis -- Influencias de los TLC sobre el sector |
| 650 14 - SUBJECT ADDED ENTRY--TOPICAL TERM | |
| Topical term or geographic name entry element | Financiamiento de la salud |
| 9 (RLIN) | 2675 |
| 650 14 - SUBJECT ADDED ENTRY--TOPICAL TERM | |
| Topical term or geographic name entry element | Derecho a la salud |
| Geographic subdivision | Colombia |
| 9 (RLIN) | 2676 |
| 650 14 - SUBJECT ADDED ENTRY--TOPICAL TERM | |
| Topical term or geographic name entry element | Derecho a la salud |
| Geographic subdivision | América Latina |
| 9 (RLIN) | 2677 |
| 650 14 - SUBJECT ADDED ENTRY--TOPICAL TERM | |
| Topical term or geographic name entry element | Derecho a la salud |
| Geographic subdivision | Países en desarrollo |
| 9 (RLIN) | 2678 |
| 650 14 - SUBJECT ADDED ENTRY--TOPICAL TERM | |
| Topical term or geographic name entry element | Derechos humanos y salud |
| General subdivision | tratados comerciales |
| Geographic subdivision | Colombia |
| 9 (RLIN) | 2679 |
| 700 1# - ADDED ENTRY--PERSONAL NAME | |
| Personal name | Sánchez, Jairán, |
| Relator term | ilustrador |
| 9 (RLIN) | 2680 |
| 942 ## - ADDED ENTRY ELEMENTS (KOHA) | |
| Source of classification or shelving scheme | Dewey Decimal Classification |
| Koha item type | Books |
| Withdrawn status | Lost status | Source of classification or shelving scheme | Damaged status | Not for loan | Collection code | Home library | Current library | Date acquired | Source of acquisition | Cost, normal purchase price | Total Checkouts | Full call number | Barcode | Date last seen | Copy number | Koha item type |
|---|---|---|---|---|---|---|---|---|---|---|---|---|---|---|---|---|
| Dewey Decimal Classification | Fiction | Biblioteca Pública José María del Castillo y Rada | Biblioteca Pública José María del Castillo y Rada | 04/15/2018 | Donación | 0.00 | 323.01 / C677s | 430001386 | 05/16/2024 | Ej.1 | Books |